| 000 | 00611nai a2200181Ia 4500 | ||
|---|---|---|---|
| 003 | IN-BaIIA | ||
| 008 | 211028c9999 xx s 000 0 eng d | ||
| 022 | _a1546-542X (Print) | ||
| 022 | _a1744-7402 (Online) | ||
| 040 | _cIIA Library | ||
| 245 | 0 |
_aInternational Journal Of Applied Ceramic Technology _h[eJournal] |
|
| 260 |
_aNew Jersey _bJohn Wiley & Sons |
||
| 310 | _aBimonthly | ||
| 362 | _a1(1); 2004 - Present | ||
| 521 | _bSubscribed through National Knowledge Resource Consortium (NKRC) | ||
| 856 |
_uhttps://onlinelibrary.wiley.com/journal/17447402 _yClick Here to Access eJournal |
||
| 942 | _cEJ | ||
| 999 |
_c34816 _d34816 |
||